Central Library OPAC University of Rajshahi

মুসলমানকে যা জানতেই হবে / (Record no. 57099)

MARC details
000 -LEADER
fixed length control field 01100nam a2200241 a 4500
001 - CONTROL NUMBER
control field 57099
003 - CONTROL NUMBER IDENTIFIER
rucl marc code BD-RjUL
005 - DATE AND TIME OF LATEST TRANSACTION
control field 20211209080452.0
008 - FIXED-LENGTH DATA ELEMENTS--GENERAL INFORMATION
fixed length control field 161206s2001 bg ||||| |||| 00| 0 ben d
035 ## - SYSTEM CONTROL NUMBER
System control number (BD-RjUL) 57223
040 ## - CATALOGING SOURCE
Original cataloging agency BD-RjUL
Language of cataloging ben
Transcribing agency BD-RjUL
041 ## - LANGUAGE CODE
Language code of text/sound track or separate title ben
082 ## - DEWEY DECIMAL CLASSIFICATION NUMBER
Edition number 23
Classification number 297.77
Author mark and year ALM 2001
100 ## - MAIN ENTRY--PERSONAL NAME
Personal name আল মুসলিহ, আবদুল্লাহ
9 (RLIN) 169633
245 ## - TITLE STATEMENT
Title মুসলমানকে যা জানতেই হবে /
Statement of responsibility, etc. আবদুল্লাহ আল মুসলিহ ; সালাহ আস্‌সাবী ; কামালুদ্দীন জাফরী
260 ## - PUBLICATION, DISTRIBUTION, ETC. (IMPRINT)
Place of publication, distribution, etc. ঢাকা :
Name of publisher, distributor, etc. জামেয়া কাসেমিয়া প্রকাশনী,
Date of publication, distribution, etc. ২০০১.
300 ## - PHYSICAL DESCRIPTION
Pagination ৩৬৪ পৃ. ;
Size ২১ সেমি.
650 ## - SUBJECT ADDED ENTRY--TOPICAL TERM
Topical term or geographic name as entry element ইসলামিক ধর্মীয় শিক্ষা
9 (RLIN) 124907
Topical term or geographic name as entry element Islamic religious education
9 (RLIN) 119505
700 ## - ADDED ENTRY--PERSONAL NAME
Personal name আস্‌সাবী, সালাহ
Personal name জাফরী, কামালুদ্দীন
942 ## - ADDED ENTRY ELEMENTS (KOHA)
Source of classification or shelving scheme Dewey Decimal Classification
Koha item type Books
Holdings
Lost status Source of classification or shelving scheme Damaged status Not for loan Collection code Permanent Location Current Location Shelving location Date acquired Source of acquisition Cost, normal purchase price Total Checkouts Full call number Date last seen Copy number Koha item type
  Dewey Decimal Classification   Not For Loan Non-fiction Central Library, University of Rajshahi Central Library, University of Rajshahi Reading Room 26/11/2007 writer 200.00   B 297.77 ALM 2001 06/12/2016 C-1 Books